书目信息 |
| 题名: |
环境经济学
|
|
| 作者: | 陈喜红 主编 | |
| 分册: | ||
| 出版信息: | 北京 化学工业出版社 2006 |
|
| 页数: | 219页 | |
| 开本: | 26cm | |
| 丛书名: | ||
| 单 册: | ||
| 中图分类: | X196 | |
| 科图分类: | ||
| 主题词: | 环境经济学--高等教育--教材 , 环境经济学 | |
| 电子资源: | ||
| ISBN: | 7-5025-7806-4 | |
| 000 | 00820nam0 2200265 450 | |
| 001 | 003067196 | |
| 005 | 20070720111917.18 | |
| 010 | @a7-5025-7806-4@dCNY24.00 | |
| 035 | @a003067196 | |
| 100 | @a20060104d2006 em y0chiy0110 ea | |
| 101 | 0 | @achi |
| 102 | @aCN@b110000 | |
| 105 | @ay z 000yy | |
| 106 | @ar | |
| 200 | 1 | @a环境经济学@Ahuan jing jing ji xue@f陈喜红主编@Fchen xi hong zhu bian |
| 210 | @a北京@c化学工业出版社@d2006 | |
| 215 | @a219页@d26cm | |
| 300 | @a教育部高职高专规划教材 | |
| 330 | @a本书包括绪论,环境经济学的基本理论,环境经济的合理利用,环境污染控制,环境费用效益分析,环境价值评价方法等九个章节。 | |
| 606 | 0 | @a环境经济学@x高等教育@j教材 |
| 606 | 0 | @a环境经济学 |
| 690 | @aX196@v4 | |
| 701 | 0 | @a陈喜红@Achen xi hong@4主编 |
| 801 | 0 | @aCN@bNLC@c20070720 |
| 905 | @dX196@e141@f5 | |
| 环境经济学/陈喜红主编.-北京:化学工业出版社,2006 |
| 219页;26cm |
| 教育部高职高专规划教材 |
| ISBN 7-5025-7806-4:CNY24.00 |
| 本书包括绪论,环境经济学的基本理论,环境经济的合理利用,环境污染控制,环境费用效益分析,环境价值评价方法等九个章节。 |
| ● |
| 相关链接 |
|
|
|
|
正题名:环境经济学
索取号:X196/141
 
预约/预借
| 序号 | 登录号 | 条形码 | 馆藏地/架位号 | 状态 | 备注 |
| 1 | 0850242 | 208502422 | 第二样本阅览室/ [索取号:X196/141] | 在馆 | |
| 2 | 0850243 | 208502431 | 第三借阅区/ [索取号:X196/141] | 在馆 | |
| 3 | 0850244 | 208502440 | 第三借阅区/ [索取号:X196/141] | 在馆 | |
| 4 | 0850245 | 208502459 | 第三借阅区/ [索取号:X196/141] | 在馆 | |
| 5 | 0850246 | 208502468 | 第三借阅区/ [索取号:X196/141] | 在馆 |